Digital computer fundamentals (Record no. 173316)

MARC details
000 -LEADER
fixed length control field 00398nam a2200157Ia 4500
008 - FIXED-LENGTH DATA ELEMENTS--GENERAL INFORMATION
fixed length control field 231217s9999 xx 000 0 und d
041 ## - LANGUAGE CODE
Language code of text/sound track or separate title English
082 ## - DEWEY DECIMAL CLASSIFICATION NUMBER
Classification number 621.381958 BAR;31
100 ## - MAIN ENTRY--PERSONAL NAME
Personal name Bartee, Thomas C
245 #0 - TITLE STATEMENT
Title Digital computer fundamentals
250 ## - EDITION STATEMENT
Edition statement 6th ed.
260 ## - PUBLICATION, DISTRIBUTION, ETC.
Date of publication, distribution, etc. 1985
Name of publisher, distributor, etc. Tata McGraw-Hill
Place of publication, distribution, etc. New Delhi
300 ## - PHYSICAL DESCRIPTION
Extent xii+610
650 ## - SUBJECT ADDED ENTRY--TOPICAL TERM
Topical term or geographic name entry element Digital,computer
942 ## - ADDED ENTRY ELEMENTS (KOHA)
Koha item type Books
Holdings
Date last seen Total checkouts Full call number Accession number Cost, total (INR) price Price effective from Category Public note Lost status Damaged status Department Withdrawn status Home library Current library Shelving location Entry date Vendor Cost, normal purchase price Grants Billnumber Billdate Currency symbol Conversion rate Discount Old discount
26/01/2024   621.381958 BAR;31 30447 212.00 26/01/2024 Books PES Books     Central Library   Central Library Central Library Central Library 11/10/2004 Sai Books 265.00 EC 85 24/02/2007 RS 1 53 20
26/01/2024   621.381958 BAR 37609   26/01/2024 Books       MCA   Central Library Central Library MCA 02/08/2005 Publisher   MCA   16/06/2007 RS 1    
26/01/2024   621.381958 BAR;32 41990 232.50 26/01/2024 Books       Central Library   Central Library Central Library Central Library 23/06/2006 Book Paradise 310.00 MCA 32108 11/04/2005 RS 1 77.5 25

© For any Suggestions or Query, please contact the library staff @ librarian@pes.edu or Phone: +9180 2672 1983/ 2108.